theory & research in sociology (Record no. 233061)

000 -LEADER
fixed length control field nam a22 7a 4500
003 - CONTROL NUMBER IDENTIFIER
control field Nust
005 - DATE AND TIME OF LATEST TRANSACTION
control field 20170228112855.0
008 - FIXED-LENGTH DATA ELEMENTS--GENERAL INFORMATION
fixed length control field 170228b xxu||||| |||| 00| 0 eng d
040 ## - CATALOGING SOURCE
Transcribing agency ASAB
082 ## - DEWEY DECIMAL CLASSIFICATION NUMBER
Classification number 301.07 TAG
245 ## - TITLE STATEMENT
Title theory & research in sociology
Remainder of title for all degree classes
246 ## - VARYING FORM OF TITLE
Title proper/short title theory and research in sociology
300 ## - PHYSICAL DESCRIPTION
Extent 200 p
942 ## - ADDED ENTRY ELEMENTS (KOHA)
Source of classification or shelving scheme
Koha item type Book
Holdings
Withdrawn status Lost status Source of classification or shelving scheme Damaged status Not for loan Collection code Permanent Location Current Location Date acquired Total Checkouts Full call number Barcode Date last seen Price effective from Koha item type
            Atta-ur-Rahman School of Applied Biosciences (ASAB) Atta-ur-Rahman School of Applied Biosciences (ASAB) 02/28/2017   301.07 TAG ASAB426 07/18/2019 02/28/2017 Book
© 2023 Central Library, National University of Sciences and Technology. All Rights Reserved.